| 000 -LEADER |
| fixed length control field |
00635nam a22002057a 4500 |
| 008 - FIXED-LENGTH DATA ELEMENTS--GENERAL INFORMATION |
| fixed length control field |
150716b xxu||||| |||| 00| 0 alb d |
| 020 ## - INTERNATIONAL STANDARD BOOK NUMBER |
| International Standard Book Number |
999437141X |
| 041 0# - LANGUAGE CODE |
| Language code of text/sound track or separate title |
alb |
| 080 ## - UNIVERSAL DECIMAL CLASSIFICATION NUMBER |
| Universal Decimal Classification number |
004:658 |
| Common auxiliary subdivision |
(075.8) |
| 100 ## - Rafti |
| Rafti |
Ruseti, Bashkim ; Sevrani, Kozeta ; |
| 245 ## - TITLE STATEMENT |
| Title |
Sistemet e informacionit të menaxhimit / |
| Statement of responsibility, etc |
Bashkim Ruseti; Kozeta Sevrani. |
| 260 ## - |
| -- |
Tiranë : |
| -- |
Morava, |
| -- |
2005. |
| 300 ## - |
| -- |
299 f. : |
| -- |
me il. ; |
| -- |
28 cm. |
| 650 #0 - |
| -- |
Biznesi |
| 650 #0 - |
| -- |
Menaxhimi |
| 650 #0 - |
| -- |
Sisteme të ruajtjes dhe të kërkimit të informacionit |
| 650 #0 - |
| -- |
Kompjutera |
| 650 #0 - |
| -- |
Tekste për shkollat e larta |
| 942 ## - ADDED ENTRY ELEMENTS (KOHA) |
| Source of classification or shelving scheme |
|
| Item type |
Books |